[Event "HUN-chT2 0102"]
[Site "Hungary"]
[Date "2002.01.27"]
[Round "6"]
[White "Pusztay, Bela"]
[Black "Majeric, Zoran"]
[Result "0-1"]
[WhiteElo "2113"]
[BlackElo "2333"]
[PlyCount "63"]
[EventDate "2001.??.??"]
[EventType "team"]
[EventRounds "11"]
[EventCountry "HUN"]
[SourceTitle "EXT 2004"]
[Source "ChessBase"]
[SourceDate "2003.11.25"]
[SourceVersion "1"]
[SourceVersionDate "2003.11.25"]
[SourceQuality "1"]

1. e4 c5 2. Nf3 Nf6 3. e5 Nd5 4. Nc3 e6 5. Nxd5 exd5 6. d4 Nc6 7. c3 d6 8. Be2 dxe5 9. dxe5 Be7 10. 0-0 Be6 11. b4 0-0 12. bxc5 Bxc5 13. Bd3 Bg4 14. Be2 Re8 15. Rb1 Qd7 16. Bf4 Rad8 17. Bg5 Rc8 18. Bf4 h6 19. Qb3 Bb6 20. Rbd1 Red8 21. Rfe1 Na5 22. Qb2 Qa4 23. Nd4 Bxe2 24. Qxe2 Bxd4 25. Rxd4 Qe8 26. Bxh6 gxh6 27. Qg4+ Kh8 28. e6 Rd6 29. e7 Rc7 30. Qh4 Nc6 31. Rf4 Rxe7 32. Rf1 0-1

[Event "HUN-chT2 0102"]
[Site "Hungary"]
[Date "2001.12.02"]
[Round "4"]
[White "Pusztay, Bela"]
[Black "Macsik, Tamas"]
[Result "1/2-1/2"]
[WhiteElo "2113"]
[BlackElo "2188"]
[PlyCount "72"]
[EventDate "2001.??.??"]
[EventType "team"]
[EventRounds "11"]
[EventCountry "HUN"]
[SourceTitle "EXT 2004"]
[Source "ChessBase"]
[SourceDate "2003.11.25"]
[SourceVersion "1"]
[SourceVersionDate "2003.11.25"]
[SourceQuality "1"]

1. Nf3 d5 2. d4 Nf6 3. g3 Bg4 4. Bg2 c6 5. Nbd2 Nbd7 6. c4 e6 7. h3 Bf5 8. Nh4 Be4 9. f3 Qc7 10. 0-0 Bg6 11. f4 Be7 12. cxd5 cxd5 13. Rf3 0-0 14. Nxg6 hxg6 15. Rc3 Qb6 16. Nf3 Ne4 17. Rb3 Qa6 18. Kh2 Rfc8 19. Be3 Rc7 20. Qd3 Rac8 21. Ne1 Nd6 22. Qxa6 bxa6 23. Bg1 a5 24. Rb1 a4 25. Rd3 Rc1 26. Rd1 Rxd1 27. Rxd1 Rb8 28. Nd3 Nc4 29. Rc1 Nf6 30. Rc2 Bd6 31. Bf3 Kf8 32. Kg2 Ke7 33. g4 Rc8 34. Rc1 Rb8 35. Rc2 Rc8 36. Rc1 Rb8 1/2-1/2

[Event "HUN-chT2 0102"]
[Site "Hungary"]
[Date "2001.11.18"]
[Round "3"]
[White "Pusztay, Bela"]
[Black "Boronyak, Arpad"]
[Result "1/2-1/2"]
[WhiteElo "2113"]
[BlackElo "2262"]
[PlyCount "179"]
[EventDate "2001.??.??"]
[EventType "team"]
[EventRounds "11"]
[EventCountry "HUN"]
[SourceTitle "EXT 2004"]
[Source "ChessBase"]
[SourceDate "2003.11.25"]
[SourceVersion "1"]
[SourceVersionDate "2003.11.25"]
[SourceQuality "1"]

1. e4 c5 2. Nf3 e6 3. d4 cxd4 4. c3 d5 5. exd5 Qxd5 6. Qxd4 Nf6 7. Bg5 Nc6 8. Qxd5 Nxd5 9. Bc4 Nb6 10. Bb5 Bd7 11. 0-0 f6 12. Bc1 a6 13. Be2 g5 14. a4 Nd5 15. Na3 Bd6 16. Nc4 Bc7 17. Bd2 0-0 18. Rfd1 Nce7 19. Be3 Nf5 20. Bc5 Rfd8 21. a5 Bc6 22. Nd4 Nxd4 23. cxd4 Nf4 24. Bf1 Kf7 25. g3 Nd5 26. Bg2 Rac8 27. Rac1 Ba4 28. Re1 Bb3 29. Nd2 Ba4 30. b4 Bb5 31. Bf3 f5 32. Nc4 Bxc4 33. Rxc4 Bd6 34. Rcc1 Nxb4 35. Bxd6 Rxc1 36. Bxb4 Rxe1+ 37. Bxe1 Rd7 38. Kf1 Ke8 39. Ke2 Kd8 40. Ke3 Kc8 41. Bb4 Rc7 42. Bc5 e5 43. Bd5 Kd7 44. h3 h5 45. Bb6 Rc3+ 46. Kd2 exd4 47. Bxd4 Ra3 48. Bb6 h4 49. gxh4 gxh4 50. Bxb7 Rxh3 51. Bxa6 Kc6 52. Bf1 Ra3 53. Bg2+ Kb5 54. Bc7 h3 55. Bf1+ Kc6 56. Bg3 Rxa5 57. Bxh3 Kd7 58. Ke3 Ke6 59. Kf4 Kf6 60. Bf1 Ra4+ 61. Kf3 Kg5 62. Kg2 f4 63. Bh2 Ra3 64. Bb5 Rb3 65. Bc6 Rc3 66. Be4 Ra3 67. Bg1 Ra2 68. Kh3 Ra1 69. Bh2 Ra2 70. Kg2 Kg4 71. Bf3+ Kg5 72. Bd5 Rd2 73. Be4 Kg4 74. Bf3+ Kg5 75. Be4 Kg4 76. Bf3+ Kf5 77. Bg1 Rd8 78. Kf1 Rb8 79. Kg2 Rg8+ 80. Kf1 Rg7 81. Bg2 Ra7 82. f3 Ra1+ 83. Kf2 Kg5 84. Bf1 Ra2+ 85. Be2 Kh4 86. Kf1 Kg3 87. Bf2+ Kh3 88. Be1 Ra1 89. Kf2 Kh4 90. Kf1+ 1/2-1/2

[Event "HUN-chT2 0102"]
[Site "Hungary"]
[Date "2001.10.14"]
[Round "2"]
[White "Dory, Jeno"]
[Black "Pusztay, Bela"]
[Result "1-0"]
[WhiteElo "2290"]
[BlackElo "2113"]
[PlyCount "59"]
[EventDate "2001.??.??"]
[EventType "team"]
[EventRounds "11"]
[EventCountry "HUN"]
[SourceTitle "EXT 2004"]
[Source "ChessBase"]
[SourceDate "2003.11.25"]
[SourceVersion "1"]
[SourceVersionDate "2003.11.25"]
[SourceQuality "1"]

1. e4 d5 2. exd5 Qxd5 3. Nc3 Qd6 4. d4 Nf6 5. Nf3 a6 6. Be3 Bg4 7. h3 Bh5 8. g4 Bg6 9. Ne5 e6 10. Bg2 c6 11. 0-0 Be7 12. Bf4 Qd8 13. h4 Nd5 14. Nxd5 cxd5 15. h5 f6 16. hxg6 fxe5 17. Bxe5 hxg6 18. Qd3 Kf7 19. Qf3+ Kg8 20. c4 Bd6 21. cxd5 Bxe5 22. dxe5 Qh4 23. Qg3 Nd7 24. dxe6 Qxg3 25. fxg3 Nxe5 26. Rf4 Rf8 27. e7 Re8 28. Bd5+ Kh7 29. g5 Nd3 30. Rh4# 1-0

[Event "HUN-chT2 0102"]
[Site "Hungary"]
[Date "2001.09.30"]
[Round "1"]
[White "Pusztay, Bela"]
[Black "Horvath, Imre"]
[Result "1-0"]
[WhiteElo "2113"]
[BlackElo "2284"]
[PlyCount "79"]
[EventDate "2001.??.??"]
[EventType "team"]
[EventRounds "11"]
[EventCountry "HUN"]
[SourceTitle "EXT 2004"]
[Source "ChessBase"]
[SourceDate "2003.11.25"]
[SourceVersion "1"]
[SourceVersionDate "2003.11.25"]
[SourceQuality "1"]

1. e4 c5 2. Nc3 Nc6 3. g3 g6 4. Bg2 Bg7 5. d3 d6 6. Nge2 e6 7. 0-0 Nge7 8. Be3 Nd4 9. Qd2 0-0 10. Nd1 d5 11. c3 Nxe2+ 12. Qxe2 d4 13. Bd2 Qd7 14. c4 b5 15. cxb5 Qxb5 16. b3 Ba6 17. Nb2 Nc6 18. f4 Rfe8 19. e5 Rad8 20. Nc4 Ne7 21. Rfc1 Nd5 22. Ba5 Rd7 23. a4 Qb8 24. Rab1 Bf8 25. Bd2 Nb6 26. Bc6 Qc7 27. Bxd7 Nxd7 28. b4 Bb7 29. bxc5 Nxc5 30. Nd6 Bxd6 31. exd6 Qxd6 32. Rxc5 Qxc5 33. Rxb7 Qc2 34. a5 a6 35. Rb6 Rc8 36. Kf2 Rc5 37. g4 h5 38. Bb4 Qc1 39. Bxc5 Qxf4+ 40. Kg2 1-0

[Event "HUN-chT3 0001"]
[Site "Hungary"]
[Date "2001.03.25"]
[Round "9.3"]
[White "Pusztay, Bela"]
[Black "Szikra, Rezso"]
[Result "1-0"]
[WhiteElo "2161"]
[BlackElo "2185"]
[PlyCount "57"]
[EventDate "2000.10.29"]
[EventType "team"]
[EventRounds "11"]
[EventCountry "HUN"]
[SourceTitle "EXT 2007"]
[Source "ChessBase"]
[SourceDate "2006.11.23"]
[SourceVersion "1"]
[SourceVersionDate "2006.11.23"]
[SourceQuality "1"]

1. e4 c5 2. Nf3 d6 3. d4 cxd4 4. c3 dxc3 5. Nxc3 Nc6 6. Bc4 e6 7. 0-0 a6 8. a4 Be7 9. Qe2 Nf6 10. Rd1 Qc7 11. Bf4 0-0 12. Rac1 Ne5 13. Ba2 Qa5 14. Nd2 b5 15. Nb3 Qb6 16. a5 Qb7 17. Bb1 h6 18. Bg3 Bd7 19. f4 Nc4 20. Bh4 Rac8 21. e5 dxe5 22. fxe5 Nd5 23. Nxd5 Bxh4 24. Qe4 Qa7+ 25. Nb6 f5 26. exf6 Bf2+ 27. Kh1 Rxf6 28. Rxd7 Qxd7 29. Nxd7 1-0